Responses for show #5299 - Thursday, September 27, 2007

A CBS Television Distribution banner replaces the KingWorld banner at the end of the show.

Contestants

[<< previous game]

Richard Johnson, a foreign affairs officer from Washington, D.C.

Lateefah Torrence, a writer from New York, New York

Kevin Martin, an emergency room physician from Bowling Green, Ohio (whose 1-day cash winnings total $17,800)

[next game >>]

Jeopardy! Round responses

ARCHIPELAGOS
& THE EMMY GOES TO...
(Alex: We want you to name the show.)
THE U.S. AIR FORCE
MUSEUMS
WHAT ARE YOU MADE OF?
BEASTLY NOISES
(Alex: Now each correct response will be a word that indicates a noise made by an animal. For instance, if I said "the noise a cow makes" you'd say "What is moo?". Okay?)
    $200 12
Alaska

Richard
    $200 2
The Sopranos

Richard
    $200 17
Truman

Richard
    $200 7
the Louvre

Richard
    $200 1
marble

Richard
    $200 19
bark

Richard
    $400 13
New Zealand

Richard
    $400 3
Sex and the City

Richard
    $400 18
fueling

Lateefah
    $400 8
Buenos Aires

Richard
    $400 27
wax

Richard
    $400 20
gobbling

Lateefah
    $600 14
the Shetlands

Richard
    $600 4
Desperate Housewives

Richard
    $600 24
(Kevin: What is Desert Storm?)

Desert Shield

KevinRichard
    $1,500 9
(Richard: What is The Museum of [*]?)

Contemporary Art

Richard
    $600 28
wood

Kevin
    $600 21
trumpet (trump it)

Kevin
    $800 15
(Alex: Correct, and that takes you to $7,300. My gosh, what a start... we have to stop you right now to take this commercial break...)

Marshall Islands

Richard
    $800 5
The West Wing

Richard
    $800 25
stealth

Kevin
    $800 10
The National Gallery of Art

Triple Stumper
    $800 29
bronze

Triple Stumper
    $800 22
squeal

Richard
    $1000 16
the Azores

Richard
    $1000 6
(Alex: Hey, you watch a lot of television and it paid off for you!)
[Applause]

The Shield

Richard
    $1000 26
wing

Kevin
    $1000 11
Daniel Wadsworth

Triple Stumper
    $1000 30
terra cotta

Richard
    $1000 23
(Alex: [*]! [*] Churchill!)

whinny (Winnie)

Richard

Scores at the first commercial break (after clue 15):

Kevin Lateefah Richard
$0 $0 $7,300

Scores at the end of the Jeopardy! Round:

Kevin Lateefah Richard
$2,400 $800 $12,500

Double Jeopardy! Round responses

CONSUMER REPORTS ROAD TEST
QUOTABLE MOVIES
(Alex: ID the film for us.)
ANAGRAMMED SHAKESPEAREAN CHARACTERS
PARTY
"LIKE"
IT'S 1999
    $400 21
friction

Kevin
    $400 2
The Godfather

Richard
    $400 26
Cleopatra

Lateefah
    $400 1
first

Kevin
    $400 16
there's no place like home

Richard
    $400 3
Sacajawea

Richard
    $800 22
hybrids

Richard
    $800 8
This Is Spinal Tap

Lateefah
    $800 27
Prospero

Richard
    $800 12
the Boston Tea Party

Lateefah
    $800 17
tastes like chicken

Richard
    $800 4
Lance Armstrong

Richard
    $1200 23
traction

Kevin
    $1200 9
300

Kevin
    $1200 28
Petruchio

Triple Stumper
    $1200 13
wine

Lateefah
    $1200 18
likelihood

Triple Stumper
    $1200 5
the Khmer Rouge

Richard
    $1600 24
Mercedes-Benz

Triple Stumper
    $1600 10
Monty Python and the Holy Grail

Kevin
    $500 29
Oberon

Richard
    $1600 14
Oktoberfest

Richard
    $1600 19
a likeness (or look-alike)

Richard
    $1600 6
Tanzania

Triple Stumper
    $2000 25
(Richard: What is steering?)
(Kevin: What is stabilization?)
(Alex: Yes, stabilization or---No! We won't accept that.)

stability

KevinLateefahRichard
    $2000 11
Little Miss Sunshine

Lateefah
    $2000 30
Pericles

Triple Stumper
    $2000 15
a quinceaƱera

Richard
    $2000 20
sheeplike

Triple Stumper
    $3,500 7
(Richard: Who is Hillary?)

Sir George Mallory

Richard

Scores at the end of the Double Jeopardy! Round:

Kevin Lateefah Richard
$5,200 $8,000 $18,300
(lock game)

[wagering suggestions for these scores]

Final Jeopardy! Round responses

MEN OF MEDICINE
KevinWho is Hi Mom Mont Carmel
$3,000
LateefahWho is Lamaze?
$0
RichardWho is Spock?
$2,000
Fernand Lamaze

Final scores:

Kevin Lateefah Richard
$2,200 $8,000 $16,300
3rd place: $1,000 2nd place: $2,000 New champion: $16,300

Game dynamics:

Coryat scores:

Kevin Lateefah Richard
$5,200 $8,000 $22,000
9 R,
2 W
8 R,
0 W
33 R
(including 2 DDs),
2 W
(including 1 DD)

Combined Coryat: $35,200

The J! Archive is created by fans, for fans. The Jeopardy! game show and all elements thereof, including but not limited to copyright and trademark thereto, are the property of Jeopardy Productions, Inc. and are protected under law. This website is not affiliated with, sponsored by, or operated by Jeopardy Productions, Inc. Join the discussion at JBoard.tv.